RICS helps historic survey arc gain UNESCO world heritage site status (Record no. 75752)
[ view plain ]
| 000 -LEADER | |
|---|---|
| fixed length control field | 01404cab a2200157 4500 |
| 001 - CONTROL NUMBER | |
| control field | L130639 |
| 008 - FIXED-LENGTH DATA ELEMENTS--GENERAL INFORMATION | |
| fixed length control field | 050819n2005 000 0 eng u |
| 035 ## - SYSTEM CONTROL NUMBER | |
| System control number | (Sirsi) u130639 |
| 041 ## - LANGUAGE CODE | |
| Language code of text/sound track or separate title | eng |
| 245 ## - TITLE STATEMENT | |
| Title | RICS helps historic survey arc gain UNESCO world heritage site status |
| 260 ## - PUBLICATION, DISTRIBUTION, ETC. | |
| Date of publication, distribution, etc. | 2005 |
| 520 ## - SUMMARY, ETC. | |
| Summary, etc. | One of the 17 new historic sites granted UNESCO world heritage site status in July 2005 is of particular importance and interest to surveyors. This accolade has been given to the Struve Arc which runs for over 2 820 km from Norway to the Black Sea. The Struve Arc was one of the defining geodetic survey measurements of the 19th century and equal in importance to the Great Arc of India surveyed by Lambton and Everest. The Struve Arc facilitated the first accurate measurement of a long section of a meridian arc (line of longitude), enabling a more accurate measurement of the earth's circumference and greater datum precision. RICS Education Trust and RICS Geomatics sponsored the FIG history of surveying working group's successful application to UNESCO. Notable RICS Chartered Land Surveyors Jim Smith and David Wallis were members of the group. |
| 690 ## - LOCAL SUBJECT ADDED ENTRY--TOPICAL TERM (OCLC, RLIN) | |
| Topical term or geographic name as entry element | ENVIRONMENTAL AND LAND CONSULTANCY-GEOMATICS-MAPPING AND POSITIONING |
| 856 ## - ELECTRONIC LOCATION AND ACCESS | |
| Uniform Resource Identifier | <a href="https://www.rics.org/AboutRICS/RICSfaculties/RICSGeomaticsFaculty/struve_arc.htm">https://www.rics.org/AboutRICS/RICSfaculties/RICSGeomaticsFaculty/struve_arc.htm</a> |
| Public note | View this item free of charge at www.rics.org... |
| 942 ## - ADDED ENTRY ELEMENTS (KOHA) | |
| Suppress in OPAC | 0 |
| Withdrawn status | Lost status | Source of classification or shelving scheme | Damaged status | Not for loan | Home library | Current library | Shelving location | Date acquired | Total Checkouts | Full call number | Barcode | Date last seen | Copy number | Price effective from | Koha item type |
|---|---|---|---|---|---|---|---|---|---|---|---|---|---|---|---|
| Dewey Decimal Classification | Virtual | Virtual | Online | 19/08/2005 | ONLINE PUBLICATION | 130639-2001 | 06/08/2019 | 1 | 06/08/2019 | Journal article |